00758 2200277 4500001002100000001002100021005001500042020002200057035002400079040001200103082002000115084002000135090001800155090002000173100002900193245004200222245004700264250001000311260003100321260003300352300002500385504002400410650001900434850001200453990001500465YOGYA000000000000850YOGYA00000000000085020140822073714 a978-602-8545-05-1 0010-081400000000890 aYOPDYOG 2[22]aDEP 398.9 aDEP 398.9 Ima S a297.911 Abu m aDEP 398.9 Ima S aIMAN BUDHI SANTOSO, 1948 aMuhara Isra' Mi'rajcAbu Ahmadi, Haji aSinau paribasan jawac/ Iman Budhi Santoso aCet.1 aJakartabBumi Aksarac1994 aYogyakartabGava Mediac2012 axii, 75 hlmc; 20 cm aBibliografi: hlm 75 apembahasa-Jawa aYOPDYOG a93061-P/97